000 00479nam a2200193Ia 4500
005 20241218015013.0
008 240331s9999 xx 000 0 und d
020 _a0415121655
082 _bHOL
_a889
100 _aHolst-Warhaft, G
245 0 _aDangerous Voices :
_bwomen's laments and Greek literature
260 _aLondon
_bRoutledge
_c1992
300 _a227 p .,
650 _aGreek Literature
650 _aWomen
650 _aHistory
650 _aSocial
942 _cL
999 _c3406
_d3406